• 首页
  • 本馆介绍
  • 公告通知
  • 最新文献
  • 馆藏检索
  • 电子资源
  • 读者导购
  • 参考咨询
  • 我的图书馆
  • 登录
  • 详细信息显示
  • 放入我的书架
  • 预约/预借图书
  • 作者相关作品
  • 分类相关作品
  • 丛书相关作品
  • 出版社相关作品

书目信息

  • 表格格式
  • 工作单格式
  • 卡片格式
题名:
坦桑尼亚
    
 
作者: 裴善勤 , 钱镇 编著
分册:  
出版信息: 北京   社会科学文献出版社  2019
页数: 383页
开本: 23cm
丛书名: 列国志
单 册:
中图分类: K942.5
科图分类:
主题词:
电子资源:
ISBN: 978-7-5201-4083-6
000 01322oam2 2200337 450
001 2159260626
005 20210930164719.63
010    @a978-7-5201-4083-6@dCNY89.00
100    @a20190530d2019 em y0chiy50 ea
101 0  @achi
102    @aCN@b110000
105    @aa z 001yy
106    @ar
200 1  @a坦桑尼亚@Atan sang ni ya@dThe united republic of Tanzania@f裴善勤,钱镇编著@zeng
205    @a2版
210    @a北京@c社会科学文献出版社@d2019
215    @a383页@c彩图,彩照@d23cm
225 2  @a列国志@Alie guo zhi@e新版
300    @a“十三五”国家重点图书出版规划项目
314    @a裴善勤 (1938-),男,新华社高级编辑。1964年7月北京广播学院毕业后到广播事业局国际部斯瓦希里语组任翻译。代表作有《21世纪中国非洲的新型战略伙伴关系》、《乌干达一代暴君阿明政权的覆灭》等。
314    @a钱镇,男,中央党校国际战略研究院副研究员,长期从事政治理论研究。《中国投资》杂志非洲版读书栏目主持人。
320    @a有索引
330    @a本书介绍了塔桑尼亚的概况、历史、政治、经济、军事、社会等方面内容。
461  0 @12001 @a列国志
510 1  @aThe United republic of Tanzania@zeng
607    @a坦桑尼亚@Atan sang ni ya@x概况
690    @aK942.5@v5
701  0 @a裴善勤@Apei shan qin@f(1938-)@4编著
701  0 @a钱镇@Aqian zhen@4编著
801  0 @aCN@b百万庄@c20210926
905    @b1299488-491@dK942.5@e534=2@f4
    
    坦桑尼亚=The united republic of Tanzania/裴善勤,钱镇编著.-2版.-北京:社会科学文献出版社,2019
    383页:彩图,彩照;23cm.-(列国志:新版)
    “十三五”国家重点图书出版规划项目
    
    ISBN 978-7-5201-4083-6:CNY89.00
    本书介绍了塔桑尼亚的概况、历史、政治、经济、军事、社会等方面内容。
●
相关链接 在E读中查询图书 在五车中查询图书 在当当中查询图书 在豆瓣中查询图书


正题名:坦桑尼亚     索取号:K942.5/534=2         预约/预借

序号 登录号 条形码 馆藏地/架位号 状态 备注
1 1299488   212994884   第二样本阅览室/ [索取号:K942.5/534=2] 在馆    
2 1299489   212994893   第二借阅区/ [索取号:K942.5/534=2] 在馆    
3 1299490   212994900   第二借阅区/ [索取号:K942.5/534=2] 在馆    
4 1299491   212994919   第二借阅区/ [索取号:K942.5/534=2] 在馆    
唐山师范学院图书馆 欢迎您!
大连网信软件有限公司© 版权所有